Otherness (Record no. 99437)
[ view plain ]
| 000 -LEADER | |
|---|---|
| fixed length control field | 01608nam a2200373 a 4500 |
| 082 04 - DEWEY DECIMAL CLASSIFICATION NUMBER | |
| Classification number | 809/.933845 |
| 245 00 - TITLE STATEMENT | |
| Title | Otherness |
| 260 ## - PUBLICATION, DISTRIBUTION, ETC. (IMPRINT) | |
| Place of publication | Frankfurt am Main ; |
| -- | New York : |
| Name of publisher | Peter Lang, |
| Year of publication | c2011. |
| 300 ## - PHYSICAL DESCRIPTION | |
| Number of Pages | 280 p. |
| 505 0# - FORMATTED CONTENTS NOTE | |
| Formatted contents note | pt. 1. Self and other : indelibly divided, irrevocably united -- pt. 2. Hosting or ousting the other -- pt. 3. Sociocultural aspects of otherness : glocal, transcultural and spectral mobil selves. |
| 650 #0 - SUBJECT ADDED ENTRY--TOPICAL TERM | |
| Topical Term | Other (Philosophy) in literature. |
| Topical Term | Other (Philosophy) in art. |
| Topical Term | Identity (Philosophical concept) in literature. |
| 700 1# - ADDED ENTRY--PERSONAL NAME | |
| Personal name | Sencindiver, Susan Yi. |
| Personal name | Beville, Maria. |
| Personal name | Lauritzen, Marie. |
| 856 40 - ELECTRONIC LOCATION AND ACCESS | |
| Uniform Resource Identifier | http://site.ebrary.com/lib/rucke/Doc?id=10601453 |
No items available.
